| 000 | 00982cem a2200301 4500 | ||
|---|---|---|---|
| 999 |
_c10033 _d10033 |
||
| 001 | 10033 | ||
| 003 | BD-JhCC | ||
| 005 | 20180404182731.0 | ||
| 008 | 180404s1983 ilu e eng | ||
| 020 | _a0528630024 | ||
| 034 | 0 | _aa | |
| 035 | _a(BD-JhCC)10033 | ||
| 040 |
_aDLC _cDLC _dDLC _dOCoLC _dDLC _dBD-JhCC |
||
| 041 | _aeng | ||
| 050 | 0 | 0 |
_aG1046.A4 _bR3 1983 |
| 082 | 0 | 0 |
_a912 _219 _bRAN 1983 |
| 245 | 0 | 0 |
_aRand McNally images of the world : _ban atlas of satellite imagery and maps / |
| 255 | _aScales differ. | ||
| 260 |
_aChicago : _bRand McNally, _cc1983. |
||
| 300 |
_a1 atlas (160 p.) : _bcol. ill., col. maps ; _c31 cm. |
||
| 500 | _aOriginally published as part of a 2 v. work: Diercke Weltraumbild-Atlas. Braunschweig : Westermann, 1981-1982. | ||
| 650 | 0 |
_aPhysical geography _vMaps. |
|
| 650 | 0 |
_aPhytogeography _vMaps. |
|
| 651 | 0 |
_aEarth (Planet) _vPhotographs from space. |
|
| 710 | 2 | _aRand McNally and Company. | |
| 942 |
_2ddc _cREF |
||